Normal view
MARC view
Entry Geographic Name
001 - CONTROL NUMBER
- control field: 8879
003 - CONTROL NUMBER IDENTIFIER
- control field: OSt
005 - DATE AND TIME OF LATEST TRANSACTION
- control field: 20160521133843.0
008 - FIXED-LENGTH DATA ELEMENTS
- fixed length control field: 160521|| aca||aabn | a|a d
040 ## - CATALOGING SOURCE
- Original cataloging agency: OSt
- Transcribing agency: OSt
151 ## - HEADING--GEOGRAPHIC NAME
- Geographic name: Laboratory diagnosis
670 ## - SOURCE DATA FOUND
- Source citation: Work cat.: (OSt): Turgeon, Mary L. 3304, Clinical Hematology: theory and procedures
